000 00272nam a2200109Ia 4500
008 200302s9999 xx 000 0 und d
100 _aAlbert G. H. Dietz
245 _aPlastics for Architects and Builders
260 _bThe Mit Press Ltd.
260 _c1969
300 _a129 P.,
999 _c434
_d434